| 000 | 01146cac a22002531u 4500 | ||
|---|---|---|---|
| 090 | _c4459 | ||
| 008 | 081105t2002 xxu||||| |||| 00| 0 eng d | ||
| 010 | _a 2001090605 | ||
| 020 | _a1558607129 (alk. paper) | ||
| 082 | 0 | 0 |
_a004.019 _bR838 |
| 100 | 1 | _aRosson, Mary Beth. | |
| 245 | 1 | 0 |
_aUsability engineering : _bscenario-based development of human-computer interaction / _cMary Beth Rosson, John M. Carroll. |
| 250 | _a1st ed. | ||
| 260 |
_aSan Fancisco : _bAcademic Press, _c2002. |
||
| 300 |
_axxi, 422 p. : _bill. ; _c24 cm. |
||
| 440 | 0 | _aMorgan Kaufmann series in interactive technologies | |
| 504 | _aIncludes bibliographical references and index. | ||
| 650 | 0 | _aHuman-computer interaction. | |
| 700 | 1 |
_aCarroll, John M. _q(John Millar), _d1950- |
|
| 856 | 4 | 2 |
_3Publisher description _uhttp://www.loc.gov/catdir/description/els031/2001090605.html |
| 856 | 4 | 2 |
_3Table of contents _uhttp://www.loc.gov/catdir/toc/els031/2001090605.html |
| 942 |
_cBB _k004.019R838 _2ddc |
||
| 999 |
_c4459 _d4459 |
||